[Event "Regionalliga SO 0001"]
[Site "Bayern"]
[Date "2000.10.15"]
[Round "1.7"]
[White "Galow, Wolfgang"]
[Black "Von Werner, Konrad"]
[Result "1-0"]
[WhiteElo "1985"]
[BlackElo "1845"]
[PlyCount "51"]
[EventDate "2000.10.15"]
[EventType "team-tourn"]
[EventRounds "9"]
[EventCountry "GER"]
[SourceTitle "EXT 2020"]
[Source "ChessBase"]
[SourceDate "2019.10.17"]
[SourceVersion "1"]
[SourceVersionDate "2019.10.17"]
[SourceQuality "1"]
[WhiteTeam "Landshut"]
[BlackTeam "Trostberg TSV"]
[WhiteTeamCountry "GER"]
[BlackTeamCountry "GER"]

1. c4 Nf6 2. g3 d6 3. Bg2 e5 4. d3 Be7 5. Nc3 c6 6. e3 0-0 7. Nge2 Nbd7 8. b4 d5 9. c5 Re8 10. 0-0 b6 11. cxb6 Qxb6 12. b5 Bb7 13. bxc6 Bxc6 14. Qb3 Qxb3 15. axb3 Reb8 16. Ba3 Bd8 17. Rfb1 Rb7 18. d4 e4 19. f3 exf3 20. Bxf3 Nb6 21. Bc5 Nbd7 22. Nf4 Nxc5 23. dxc5 Be7 24. b4 Ne4 25. Ncxd5 Nd2 26. Nxe7+ 1-0

[Event "Regionalliga SO 9899"]
[Site "Bayern"]
[Date "1998.??.??"]
[Round "1.6"]
[White "Von Werner, Konrad"]
[Black "Leibl, Ludwig"]
[Result "1/2-1/2"]
[WhiteElo "1970"]
[BlackElo "1755"]
[PlyCount "125"]
[EventDate "1998.??.??"]
[EventType "team-tourn"]
[EventRounds "9"]
[EventCountry "GER"]
[SourceTitle "EXT 2020"]
[Source "ChessBase"]
[SourceDate "2019.10.17"]
[SourceVersion "1"]
[SourceVersionDate "2019.10.17"]
[SourceQuality "1"]
[WhiteTeam "Trostberg TSV"]
[BlackTeam "Straubing PSV"]
[WhiteTeamCountry "GER"]
[BlackTeamCountry "GER"]

1. e4 Nf6 2. Nc3 e5 3. Nf3 Nc6 4. Bc4 Bc5 5. 0-0 d6 6. h3 a6 7. d3 Na5 8. Bg5 Nxc4 9. dxc4 h6 10. Be3 Bxe3 11. fxe3 Be6 12. b3 Qd7 13. Nh2 0-0-0 14. Qf3 Nh7 15. Qg3 g5 16. Rad1 h5 17. Nd5 h4 18. Qf2 g4 19. Nxg4 Bxg4 20. hxg4 Ng5 21. Nf6 Qc6 22. Qf5+ Ne6 23. Nd5 Rd7 24. Qf6 Rg8 25. Ne7+ Rxe7 26. Qxe7 Qxe4 27. Qxf7 Qxg4 28. Qf3 h3 29. Qxg4 Rxg4 30. Rd2 Ng5 31. Kh2 hxg2 32. Rxg2 Rh4+ 33. Kg3 Rh8 34. Kf2 Rf8+ 35. Ke2 Rxf1 36. Kxf1 Ne4 37. a4 a5 38. Ke2 b6 39. Kf3 Nc5 40. Rg7 Kb7 41. e4 Ne6 42. Rg2 Nc5 43. Ke3 Kc6 44. Re2 Kb7 45. Kd2 Kc6 46. Kc3 Kb7 47. Kb2 Ka7 48. Re3 Kb7 49. Ka3 Ne6 50. c3 Ka7 51. Rg3 Nc5 52. Rg4 Ne6 53. b4 Kb7 54. Rg6 Nf4 55. Rg7 Nd3 56. Rf7 Kb8 57. Rf3 Nf4 58. Rf1 Ne6 59. Rf6 Ng5 60. Rf8+ Kb7 61. bxa5 bxa5 62. c5 Nxe4 63. cxd6 1/2-1/2

[Event "Regionalliga SO 9798"]
[Site "Bayern"]
[Date "1998.??.??"]
[Round "?.6"]
[White "Von Werner, Konrad"]
[Black "Roth, Peter2222"]
[Result "1/2-1/2"]
[WhiteElo "1985"]
[BlackElo "1965"]
[PlyCount "37"]
[EventDate "1997.10.19"]
[EventType "team-tourn"]
[EventRounds "9"]
[EventCountry "GER"]
[SourceTitle "EXT 2020"]
[Source "ChessBase"]
[SourceDate "2019.10.17"]
[SourceVersion "1"]
[SourceVersionDate "2019.10.17"]
[SourceQuality "1"]
[WhiteTeam "Trostberg TSV"]
[BlackTeam "Deggendorf"]
[WhiteTeamCountry "GER"]
[BlackTeamCountry "GER"]

1. e4 c6 2. d4 d5 3. Nc3 dxe4 4. Nxe4 Bf5 5. Ng3 Bg6 6. Nf3 Nd7 7. c3 e6 8. Bc4 Nb6 9. Bb3 Bd6 10. 0-0 Nf6 11. Re1 0-0 12. Bg5 Nbd7 13. Ne5 Qc7 14. Nxg6 hxg6 15. c4 Bf4 16. Bxf4 Qxf4 17. Re3 Rad8 18. Ne2 Qd6 19. h3 1/2-1/2

[Event "Landesliga Sued 9697"]
[Site "Bayern"]
[Date "1997.05.04"]
[Round "9"]
[White "Von Werner, Konrad"]
[Black "Wagner, Simon"]
[Result "1/2-1/2"]
[WhiteElo "1980"]
[BlackElo "1950"]
[PlyCount "42"]
[EventDate "1996.10.13"]
[EventType "team-tourn"]
[EventRounds "9"]
[EventCountry "GER"]
[SourceTitle "EXT 2020"]
[Source "ChessBase"]
[SourceDate "2019.10.17"]
[SourceVersion "1"]
[SourceVersionDate "2019.10.17"]
[SourceQuality "1"]
[WhiteTeam "Trostberg TSV"]
[BlackTeam "Groebenzell"]
[WhiteTeamCountry "GER"]
[BlackTeamCountry "GER"]

1. e4 c5 2. Nc3 e6 3. Nf3 a6 4. d4 cxd4 5. Nxd4 d6 6. g3 b5 7. a3 Bb7 8. Bg2 Qc7 9. 0-0 Nf6 10. Re1 Be7 11. Qe2 0-0 12. Bd2 Nfd7 13. a4 Bf6 14. Be3 Nc6 15. Nxc6 Bxc6 16. axb5 Bxc3 17. bxc3 Bxb5 18. Qd2 Ne5 19. f4 Nc4 20. Qf2 Rac8 21. Bc1 Rfd8 1/2-1/2

[Event "Landesliga Sued 9697"]
[Site "Bayern"]
[Date "1997.04.13"]
[Round "8"]
[White "Von Werner, Konrad"]
[Black "Soergel, Thomas"]
[Result "1/2-1/2"]
[WhiteElo "1980"]
[BlackElo "2050"]
[PlyCount "100"]
[EventDate "1996.10.13"]
[EventType "team-tourn"]
[EventRounds "9"]
[EventCountry "GER"]
[SourceTitle "EXT 2020"]
[Source "ChessBase"]
[SourceDate "2019.10.17"]
[SourceVersion "1"]
[SourceVersionDate "2019.10.17"]
[SourceQuality "1"]
[WhiteTeam "Trostberg TSV"]
[BlackTeam "Graefelfing SK"]
[WhiteTeamCountry "GER"]
[BlackTeamCountry "GER"]

1. e4 c5 2. Nf3 Nc6 3. c3 d5 4. exd5 Qxd5 5. d4 Bg4 6. Be2 cxd4 7. cxd4 e6 8. Nc3 Qd7 9. 0-0 Nf6 10. Be3 Bd6 11. Qd2 0-0 12. h3 Bxf3 13. Bxf3 Ne7 14. a3 a6 15. Rfc1 Rac8 16. Ne2 Ned5 17. Rxc8 Rxc8 18. Rc1 Bb8 19. Rxc8+ Qxc8 20. Nc3 Qd7 21. Nxd5 Nxd5 22. g3 f6 23. Kh2 Kf7 24. Bg2 g5 25. Qd3 Kg7 26. Be4 h6 27. Bd2 f5 28. Bf3 Qf7 29. Bxd5 exd5 30. Qf3 Qe6 31. Qe3 Qxe3 32. fxe3 h5 33. Kg2 g4 34. Bb4 Kf6 35. Bf8 Bc7 36. Bh6 Bd6 37. h4 Ke6 38. Bf4 Be7 39. Kf2 Kd7 40. Ke2 Kc6 41. Kd3 Kb5 42. Kc3 Ka4 43. Bc7 b5 44. Bf4 a5 45. Bc7 b4+ 46. axb4 axb4+ 47. Kc2 b3+ 48. Kd2 Bb4+ 49. Kd3 Be1 50. Bd6 Ba5 1/2-1/2

[Event "Landesliga Sued 9697"]
[Site "Bayern"]
[Date "1997.03.02"]
[Round "7"]
[White "Absmaier, Friedrich"]
[Black "Von Werner, Konrad"]
[Result "0-1"]
[WhiteElo "2125"]
[BlackElo "1980"]
[PlyCount "100"]
[EventDate "1996.10.13"]
[EventType "team-tourn"]
[EventRounds "9"]
[EventCountry "GER"]
[SourceTitle "EXT 2020"]
[Source "ChessBase"]
[SourceDate "2019.10.17"]
[SourceVersion "1"]
[SourceVersionDate "2019.10.17"]
[SourceQuality "1"]
[WhiteTeam "Starnberg SC"]
[BlackTeam "Trostberg TSV"]
[WhiteTeamCountry "GER"]
[BlackTeamCountry "GER"]

1. e4 e5 2. Nf3 Nc6 3. Bb5 a6 4. Ba4 Nf6 5. 0-0 b5 6. Bb3 Bb7 7. c3 Nxe4 8. Re1 d5 9. d3 Nc5 10. Nxe5 Nxe5 11. Rxe5+ Ne6 12. Qf3 Bd6 13. Rf5 0-0 14. Bxd5 Bxd5 15. Rxd5 Re8 16. Be3 g6 17. Nd2 f5 18. Ne4 fxe4 19. dxe4 c6 20. Rd2 Qc7 21. Rad1 Rad8 22. h4 Be5 23. h5 Rxd2 24. Rxd2 Rf8 25. Qd1 Rd8 26. hxg6 hxg6 27. Qg4 Kf7 28. g3 Rxd2 29. Bxd2 Qd6 30. Qe2 Qc5 31. Kg2 Qc4 32. Qf3+ Kg7 33. Qe3 Nf8 34. f4 Bf6 35. b3 Qe6 36. e5 Qd5+ 37. Kh2 Be7 38. c4 bxc4 39. bxc4 Qe6 40. Qe2 Kg8 41. g4 Qf7 42. Kg2 Ne6 43. Qe4 Nd8 44. Bc3 Kf8 45. Bd4 Qxc4 46. Kg3 c5 47. Qxg6 Qxd4 48. Qf5+ Ke8 49. g5 Qd5 50. g6 c4 0-1

[Event "Landesliga Sued 9697"]
[Site "Bayern"]
[Date "1997.01.12"]
[Round "4"]
[White "Galow, Wolfgang"]
[Black "Von Werner, Konrad"]
[Result "1-0"]
[WhiteElo "1950"]
[BlackElo "1980"]
[PlyCount "47"]
[EventDate "1996.10.13"]
[EventType "team-tourn"]
[EventRounds "9"]
[EventCountry "GER"]
[SourceTitle "EXT 2020"]
[Source "ChessBase"]
[SourceDate "2019.10.17"]
[SourceVersion "1"]
[SourceVersionDate "2019.10.17"]
[SourceQuality "1"]
[WhiteTeam "Landshut"]
[BlackTeam "Trostberg TSV"]
[WhiteTeamCountry "GER"]
[BlackTeamCountry "GER"]

1. c4 c6 2. Nc3 d5 3. cxd5 cxd5 4. d4 Nf6 5. Nf3 Nc6 6. Bf4 a6 7. e3 e6 8. Bd3 Be7 9. 0-0 0-0 10. Ne5 Nxe5 11. dxe5 Nd7 12. Rc1 b5 13. e4 d4 14. Ne2 Bc5 15. Qd2 b4 16. Bc2 Qb6 17. Ba4 Rd8 18. Bg5 f6 19. exf6 Nxf6 20. e5 Ne4 21. Bxd8 Qxd8 22. Qd3 Qd5 23. Nf4 Qxe5 24. Bc6 1-0

[Event "Landesliga Sued 9697"]
[Site "Bayern"]
[Date "1996.12.08"]
[Round "3"]
[White "Schneider, Roland"]
[Black "Von Werner, Konrad"]
[Result "1-0"]
[WhiteElo "1873"]
[BlackElo "1980"]
[PlyCount "137"]
[EventDate "1996.10.13"]
[EventType "team-tourn"]
[EventRounds "9"]
[EventCountry "GER"]
[SourceTitle "EXT 2020"]
[Source "ChessBase"]
[SourceDate "2019.10.17"]
[SourceVersion "1"]
[SourceVersionDate "2019.10.17"]
[SourceQuality "1"]
[WhiteTeam "Passau II"]
[BlackTeam "Trostberg TSV"]
[WhiteTeamCountry "GER"]
[BlackTeamCountry "GER"]

1. e4 g6 2. d4 d6 3. Nc3 Bg7 4. Be3 c6 5. Nf3 Nd7 6. Be2 Ngf6 7. 0-0 0-0 8. h3 Qc7 9. a4 e5 10. Nd2 Rd8 11. f4 Nf8 12. f5 gxf5 13. exf5 d5 14. Nf3 Bxf5 15. Nxe5 Bg6 16. Bg5 Qd6 17. Bg4 Re8 18. Bf5 Ne4 19. Bxg6 fxg6 20. Nf7 Qd7 21. Nh6+ Bxh6 22. Bxh6 Ne6 23. Qg4 Nd6 24. Rf6 Nf7 25. Rxg6+ hxg6 26. Qxg6+ Kh8 27. Re1 Nxh6 28. Qxh6+ Kg8 29. Re3 Ng7 30. Rg3 Re7 31. h4 Rae8 32. h5 Qf5 33. Ne2 Rf7 34. Nf4 Qh7 35. Qg5 Rxf4 36. Qxf4 Qxh5 37. Rh3 Qd1+ 38. Kh2 Qxc2 39. Qh6 Re6 40. Qh8+ Kf7 41. Rg3 Rg6 42. Rf3+ Rf6 43. Rg3 Nf5 44. Qg8+ Ke7 45. Rh3 Nd6 46. Rh8 Qe4 47. Qd8+ Ke6 48. Qg8+ Rf7 49. Rh6+ Ke7 50. Rh8 Qf4+ 51. g3 Qf2+ 52. Kh3 Qf1+ 53. Kg4 Qf5+ 54. Kh4 Qf6+ 55. Kh3 Ke6 56. g4 Qf3+ 57. Kh4 Qh1+ 58. Kg5 Qc1+ 59. Kh5 Qf4 60. b4 Qxd4 61. Rh6+ Ke7 62. Rh8 Qe5+ 63. Kh4 Qh2+ 64. Kg5 Qd2+ 65. Kh5 Qh2+ 66. Kg5 Qf4+ 67. Kh5 Ne4 68. Qd8+ Ke6 69. Re8+ 1-0

[Event "Landesliga Sued 9596"]
[Site "Bayern"]
[Date "1996.05.19"]
[Round "9"]
[White "Von Werner, Konrad"]
[Black "Straub, Juergen"]
[Result "1/2-1/2"]
[WhiteElo "1990"]
[BlackElo "2145"]
[PlyCount "73"]
[EventDate "1995.10.15"]
[EventType "team-tourn"]
[EventRounds "9"]
[EventCountry "GER"]
[SourceTitle "EXT 2020"]
[Source "ChessBase"]
[SourceDate "2019.10.17"]
[SourceVersion "1"]
[SourceVersionDate "2019.10.17"]
[SourceQuality "1"]
[WhiteTeam "Trostberg TSV"]
[BlackTeam "Ingolstadt"]
[WhiteTeamCountry "GER"]
[BlackTeamCountry "GER"]

1. e4 c5 2. Nf3 e6 3. d4 cxd4 4. Nxd4 a6 5. Be3 Qc7 6. c4 Nf6 7. Bd3 Bb4+ 8. Nd2 0-0 9. 0-0 d5 10. cxd5 exd5 11. Rc1 Qd6 12. Nf5 Bxf5 13. exf5 Nbd7 14. Nf3 Rac8 15. g3 Rxc1 16. Qxc1 Bc5 17. Rd1 Bxe3 18. Qxe3 Re8 19. Qd4 Rc8 20. h3 Qc5 21. Qf4 Qb6 22. b3 Nh5 23. Qg5 Qh6 24. Qxh6 gxh6 25. Be2 Nhf6 26. Nd4 Kf8 27. Re1 Rc3 28. Kg2 Nb8 29. Bf3 Rd3 30. Rc1 Rxd4 31. Rc8+ Ke7 32. Rxb8 Rb4 33. Rc8 Kd7 34. Rf8 Ke7 35. Rc8 Kd7 36. Rf8 Ke7 37. Rc8 1/2-1/2

[Event "Landesliga Sued 9596"]
[Site "Bayern"]
[Date "1996.02.25"]
[Round "6"]
[White "Von Werner, Konrad"]
[Black "Katzer, Joachim"]
[Result "1-0"]
[WhiteElo "1990"]
[BlackElo "1955"]
[PlyCount "73"]
[EventDate "1995.10.15"]
[EventType "team-tourn"]
[EventRounds "9"]
[EventCountry "GER"]
[SourceTitle "EXT 2020"]
[Source "ChessBase"]
[SourceDate "2019.10.17"]
[SourceVersion "1"]
[SourceVersionDate "2019.10.17"]
[SourceQuality "1"]
[WhiteTeam "Trostberg TSV"]
[BlackTeam "Sendling SC"]
[WhiteTeamCountry "GER"]
[BlackTeamCountry "GER"]

1. e4 e6 2. d4 d5 3. Nd2 Be7 4. Ngf3 Nf6 5. e5 Nfd7 6. Bd3 c5 7. c3 Nc6 8. 0-0 cxd4 9. cxd4 a5 10. b3 Nb6 11. a3 Bd7 12. Bb2 Nc8 13. Re1 Qb6 14. h4 h6 15. Nf1 Qd8 16. h5 N6a7 17. Bc2 Bb5 18. N1h2 Nc6 19. Re3 Nb6 20. a4 Ba6 21. Rc1 Nb4 22. Bb1 Rc8 23. Rxc8 Nxc8 24. Ne1 Na7 25. Qg4 Bf8 26. f4 Nac6 27. Nhf3 Qd7 28. f5 Kd8 29. Nh4 Kc8 30. fxe6 fxe6 31. Ng6 Rg8 32. Nf4 Nd8 33. Nxe6 Kb8 34. Bf5 Qe7 35. Nxd8 Qxd8 36. Rc3 Ka7 37. Be6 1-0

[Event "Landesliga Sued 9596"]
[Site "Bayern"]
[Date "1996.01.28"]
[Round "5"]
[White "Lochte, Thomas"]
[Black "Von Werner, Konrad"]
[Result "1/2-1/2"]
[WhiteElo "2225"]
[BlackElo "1990"]
[PlyCount "38"]
[EventDate "1995.10.15"]
[EventType "team-tourn"]
[EventRounds "9"]
[EventCountry "GER"]
[SourceTitle "EXT 2020"]
[Source "ChessBase"]
[SourceDate "2019.10.17"]
[SourceVersion "1"]
[SourceVersionDate "2019.10.17"]
[SourceQuality "1"]
[WhiteTeam "Starnberg SC"]
[BlackTeam "Trostberg TSV"]
[WhiteTeamCountry "GER"]
[BlackTeamCountry "GER"]

1. e4 e5 2. Nf3 Nc6 3. Bb5 a6 4. Ba4 Nf6 5. d4 exd4 6. e5 Ne4 7. c3 d3 8. Be3 Nc5 9. Bxc5 Bxc5 10. Qxd3 d5 11. 0-0 0-0 12. Bb3 Be6 13. Rd1 Ne7 14. Nbd2 Bf5 15. Qe2 Ng6 16. Nd4 Bxd4 17. cxd4 c6 18. Nf3 Be4 19. g3 Qe7 1/2-1/2

[Event "Regionalliga SO 9495"]
[Site "Bayern"]
[Date "1995.??.??"]
[Round "?.1"]
[White "Deglmann, Ludwig"]
[Black "Von Werner, Konrad"]
[Result "1-0"]
[WhiteElo "2260"]
[BlackElo "2070"]
[PlyCount "69"]
[EventDate "1994.10.??"]
[EventType "team-tourn"]
[EventRounds "9"]
[EventCountry "GER"]
[SourceTitle "EXT 1999"]
[Source "ChessBase"]
[SourceDate "1998.11.16"]
[SourceVersion "1"]
[SourceVersionDate "1998.11.16"]
[SourceQuality "1"]
[WhiteTeam "Unterpfaff Germering"]
[BlackTeam "Trostberg TSV"]
[WhiteTeamCountry "GER"]
[BlackTeamCountry "GER"]

1. e4 e5 2. Nf3 Nc6 3. Bb5 a6 4. Ba4 Nf6 5. 0-0 b5 6. Bb3 Bb7 7. Re1 Bc5 8. c3 d6 9. d3 h6 10. h3 0-0 11. Nbd2 Ne7 12. Nf1 Nd7 13. Ng3 Kh8 14. Nh4 Nf6 15. Qf3 Ng6 16. Nhf5 Kh7 17. h4 Ng8 18. Nxg7 Kxg7 19. Nf5+ Kh7 20. Qh5 Nf4 21. Bxf4 exf4 22. d4 Qf6 23. dxc5 dxc5 24. Qg4 Qe5 25. Rad1 c4 26. Bc2 Rad8 27. Rd4 c5 28. Rdd1 Bc8 29. Kf1 Rxd1 30. Rxd1 Ne7 31. Qh5 Bxf5 32. exf5 Qf6 33. Qg4 b4 34. Qxf4 bxc3 35. Rd6 1-0

[Event "Regionalliga SO 9495"]
[Site "Bayern"]
[Date "1995.??.??"]
[Round "?.1"]
[White "Von Werner, Konrad"]
[Black "Gradwohl, Manfred"]
[Result "0-1"]
[WhiteElo "2070"]
[BlackElo "2125"]
[PlyCount "78"]
[EventDate "1994.10.??"]
[EventType "team-tourn"]
[EventRounds "9"]
[EventCountry "GER"]
[SourceTitle "EXT 1999"]
[Source "ChessBase"]
[SourceDate "1998.11.16"]
[SourceVersion "1"]
[SourceVersionDate "1998.11.16"]
[SourceQuality "1"]
[WhiteTeam "Trostberg TSV"]
[BlackTeam "Freising SK"]
[WhiteTeamCountry "GER"]
[BlackTeamCountry "GER"]

1. g3 e5 2. Bg2 Nc6 3. d3 d6 4. Nd2 Be6 5. Ngf3 h6 6. e4 Qd7 7. h4 g6 8. c3 Bg7 9. Nf1 d5 10. Qe2 Nge7 11. Be3 f5 12. exf5 Nxf5 13. Bc5 0-0-0 14. 0-0-0 Rhe8 15. N3d2 Kb8 16. f3 h5 17. Ba3 Bf8 18. Bxf8 Rxf8 19. Re1 Rfe8 20. Kb1 Nd6 21. Nb3 b6 22. Nfd2 Bf5 23. Ka1 a5 24. Bf1 a4 25. Nc1 Na5 26. Qd1 c5 27. Rh2 c4 28. dxc4 dxc4 29. Ne4 Nb3+ 30. Nxb3 Bxe4 31. Nc1 Bc6 32. Rd2 b5 33. Bg2 Kc7 34. a3 Qf5 35. Qe2 Nb7 36. Rxd8 Rxd8 37. Qe3 Re8 38. Ka2 Qd7 39. Ne2 Qd5 0-1

[Event "Regionalliga SO 9495"]
[Site "Bayern"]
[Date "1994.??.??"]
[Round "?.2"]
[White "Bichlmeier, Juergen"]
[Black "Von Werner, Konrad"]
[Result "1/2-1/2"]
[WhiteElo "1970"]
[BlackElo "2070"]
[PlyCount "29"]
[EventDate "1994.10.??"]
[EventType "team-tourn"]
[EventRounds "9"]
[EventCountry "GER"]
[SourceTitle "EXT 1999"]
[Source "ChessBase"]
[SourceDate "1998.11.16"]
[SourceVersion "1"]
[SourceVersionDate "1998.11.16"]
[SourceQuality "1"]
[WhiteTeam "Pfarrkirchen SC"]
[BlackTeam "Trostberg TSV"]
[WhiteTeamCountry "GER"]
[BlackTeamCountry "GER"]

1. d4 Nf6 2. Nf3 e6 3. e3 b6 4. Bd3 Bb7 5. 0-0 Be7 6. Nbd2 d5 7. Ne5 0-0 8. b3 c5 9. Bb2 Ne4 10. f3 Nxd2 11. Qxd2 f6 12. Ng4 Nc6 13. f4 f5 14. Ne5 Re8 15. Nxc6 1/2-1/2

[Event "Regionalliga SO 9495"]
[Site "Bayern"]
[Date "1994.??.??"]
[Round "?.2"]
[White "Richter, Martin"]
[Black "Von Werner, Konrad"]
[Result "1/2-1/2"]
[WhiteElo "1970"]
[BlackElo "2070"]
[PlyCount "32"]
[EventDate "1994.10.??"]
[EventType "team-tourn"]
[EventRounds "9"]
[EventCountry "GER"]
[SourceTitle "EXT 1999"]
[Source "ChessBase"]
[SourceDate "1998.11.16"]
[SourceVersion "1"]
[SourceVersionDate "1998.11.16"]
[SourceQuality "1"]
[WhiteTeam "Pang/Rosenheim II"]
[BlackTeam "Trostberg TSV"]
[WhiteTeamCountry "GER"]
[BlackTeamCountry "GER"]

1. d4 Nf6 2. c4 e6 3. Nc3 Bb4 4. e3 0-0 5. Bd3 d5 6. Nf3 b6 7. 0-0 Bb7 8. cxd5 exd5 9. Ne5 Nbd7 10. f4 c5 11. Qa4 Bxc3 12. bxc3 a6 13. Bf5 Nxe5 14. fxe5 Ne4 15. Rf4 Nxc3 16. Qc2 Ne4 1/2-1/2

[Event "Regionalliga SO 9495"]
[Site "Bayern"]
[Date "1994.??.??"]
[Round "?.2"]
[White "Von Werner, Konrad"]
[Black "Jergler, Karl Heinz"]
[Result "1/2-1/2"]
[WhiteElo "2070"]
[BlackElo "2120"]
[PlyCount "54"]
[EventDate "1994.10.??"]
[EventType "team-tourn"]
[EventRounds "9"]
[EventCountry "GER"]
[SourceTitle "EXT 1999"]
[Source "ChessBase"]
[SourceDate "1998.11.16"]
[SourceVersion "1"]
[SourceVersionDate "1998.11.16"]
[SourceQuality "1"]
[WhiteTeam "Trostberg TSV"]
[BlackTeam "Ebersberg Grafing"]
[WhiteTeamCountry "GER"]
[BlackTeamCountry "GER"]

1. e4 c5 2. Nf3 Nc6 3. Bb5 e6 4. 0-0 Nge7 5. c3 d5 6. d3 a6 7. Ba4 b5 8. Bc2 Bb7 9. Nbd2 Ng6 10. Re1 Be7 11. exd5 exd5 12. d4 cxd4 13. cxd4 0-0 14. Nf1 Bf6 15. Ng3 Qd6 16. Be3 Rae8 17. Nf5 Qd8 18. Rc1 Nce7 19. Ng3 Qd6 20. Nh5 Bc8 21. Nxf6+ Qxf6 22. h3 Qd6 23. a3 Bd7 24. Bd2 Nc6 25. Bd3 Rxe1+ 26. Bxe1 Nf4 27. Bf1 Qg6 1/2-1/2